• 首页
  • 本馆介绍
  • 公告通知
  • 最新文献
  • 馆藏检索
  • 电子资源
  • 读者导购
  • 参考咨询
  • 我的图书馆
  • 登录
  • 详细信息显示
  • 放入我的书架
  • 预约/预借图书
  • 作者相关作品
  • 分类相关作品
  • 丛书相关作品
  • 出版社相关作品

书目信息

  • 表格格式
  • 工作单格式
  • 卡片格式
题名:
小狐狸买手套
    
 
作者: 新美南吉 著 ;黄晔 译
分册:  
出版信息: 杭州   浙江工商大学出版社  2019
页数: 232页
开本: 21cm
丛书名:
单 册:
中图分类: I313.88
科图分类:
主题词: 童话--作品集--日本--现代
电子资源:
ISBN: 978-7-5178-3458-8
000 00641nam0 2200217 450
001 2344080940
005 20231104121500.85
010    @a978-7-5178-3458-8@dCNY27.00
100    @a20200912d2019 em y0chiy50 ea
101 1  @achi@cjpn
102    @aCN@b330000
105    @aa z 000fy
200 1  @a小狐狸买手套@Axiao hu li mai shou tao@f(日)新美南吉著@g黄晔译
210    @a杭州@c浙江工商大学出版社@d2019
215    @a232页@c彩图@d21cm
606 0  @a童话@x作品集@y日本@z现代
690    @aI313.88@v5
701  0 @c(日)@a新美南吉@Axin mei nan ji@4著
702  0 @a黄晔@Ahuang ye@4译
801  0 @aCN@b91MARC@c20210123
905    @aZUCC@dI313.88@e2
    
    小狐狸买手套/(日)新美南吉著/黄晔译.-杭州:浙江工商大学出版社,2019
    232页:彩图;21cm
    
    
    ISBN 978-7-5178-3458-8:CNY27.00
    
●
相关链接 在五车中查询图书 在当当中查询图书 在豆瓣中查询图书


正题名:小狐狸买手套     索取号:I313.88/2         预约/预借

序号 登录号 条形码 馆藏地/架位号 状态 备注
1 2001038163   2001038163   第四书库/四37架A面4层2列/ [索取号:I313.88/2] 在馆    
2 2001038164   2001038164   第四书库/四37架A面4层2列/ [索取号:I313.88/2] 在馆    
3 2001038165   2001038165   第四书库/四37架A面4层2列/ [索取号:I313.88/2] 在馆    
4 2001038166   2001038166   第四书库/四37架A面4层2列/ [索取号:I313.88/2] 在馆    
5 2001038167   2001038167   第四书库/四37架A面4层2列/ [索取号:I313.88/2] 在馆    
6 2001038168   2001038168   第四书库/四37架A面4层2列/ [索取号:I313.88/2] 在馆    
山东省滨州职业学院图书馆 欢迎您!
大连网信软件有限公司© 版权所有